Handbook of self and identity

Αποθηκεύτηκε σε:
Λεπτομέρειες βιβλιογραφικής εγγραφής
Άλλοι συγγραφείς: Leary, Mark R. (Επιμελητής έκδοσης), Tangney, June Price (edtf)
Μορφή: Βιβλίο
Γλώσσα:English
Δημοσίευση: New York : Guilford Press, c2003
Θέματα:
Ετικέτες: Προσθήκη ετικέτας
Δεν υπάρχουν, Καταχωρήστε ετικέτα πρώτοι!

MARC

LEADER 00000cam a2200000 i 4500
001 1/55288
008 070919s2003 eng d
020 |a 1-57230-798-6 
035 |l 10090823 
040 |a GR-MY-UA  |b gre  |e aacr 
041 0 |a eng 
082 0 |a 155.2  |2 (22) 
245 1 0 |a Handbook of self and identity /  |c edited by Mark R. Leary, June Price Tangney 
260 |a New York :   |b Guilford Press,   |c c2003 
300 |a xv, 703 σ.;  |c 26 εκ. 
504 |a Περιλαμβάνει βιβλιογραφίες και ευρετήριο 
650 0 0 |a Self. 
650 0 0 |a Identity (Psychology) 
700 1 |a Leary, Mark R.  |e edt 
700 1 |a Tangney, June Price,  |e edtf 
852 |a INST  |b LESVOS  |e 20080806  |h 155.2 HAN  |p 005100041944  |q 005100041944  |t BK  |y 0 
852 |a INST  |b RHODES  |e 20070919  |h 155.2 HAN  |p 005400025767  |q 005400025767  |t REF  |y 23 
901 |a BIBL4-2007-3 
901 |a BIBL1-2008-2 
909 |a Ρ  |b 135778 
909 |a Λ  |b 142815 
922 |a 4ΕΛΗ  |b 200706  |c ΕΠΕΑΕΚ2/ΚΥΒ  |d ΠΑΠΑΣΩΤΗΡΙΟΥ 
922 |a 1ΕΛΗ  |b 200712  |c ΕΠΕΑΕΚ2/ΚΥΒ  |d ΕΛΕΥΘΕΡΟΥΔΑΚΗΣ 
970 |a ΚΟΖΑ  |b ΜΑΡΙΑ  |z 2007/09/19